000 00299nam a22001337a 4500
008 171017b xxu||||| |||| 00| 0 eng d
020 _a9780314447593
041 _aeng
080 _23 ED
_a331.101.262
100 _a52
101 _aBNJ
245 _aPEOPLE AT WORK
_cTIMM.P.R
942 _2udc
_cBK
999 _c34372
_d34372